[Event "AUTO-MASTER-1749"]
[Site "http://www.queenalice.com/game.php?id=1161535"]
[Date "2013.3.16"]
[Round "2"]
[White "chess666"]
[Black "hba111"]
[Result "1/2-1/2"]
[WhiteElo "2518"]
[BlackElo "2730"]

1. d4 d5 2. c4 dxc4 3. e4 e5 4. Nf3 exd4 5. Bxc4 Nc6 6. O-O Be6 7. Bb5 Bc5 8. b4
Bb6 9. a4 a6 10. Bxc6+ bxc6 11. a5 Ba7 12. Bb2 Nf6 13. Bxd4 Bxd4 14. Nxd4 Qd6
15. Nxe6 Qxe6 16. Na3 O-O 17. f3 Rab8 18. Rb1 Nh5 19. g3 Rfd8 20. Qe2 Qe5 21.
Nc2 c5 22. f4 Qc3 23. Rf3 Qd2 24. Qxd2 Rxd2 25. Rc3 g5 26. fxg5 Ng7 1/2-1/2

[Event "AUTO-MASTER-1749"]
[Site "http://www.queenalice.com/game.php?id=1161538"]
[Date "2013.3.16"]
[Round "2"]
[White "chess666"]
[Black "sergiogvh"]
[Result "1-0"]
[WhiteElo "2502"]
[BlackElo "2389"]

1. d4 Nf6 2. c4 e5 3. dxe5 Ng4 4. Bf4 Nc6 5. Nf3 Bb4+ 6. Nbd2 Qe7 7. e3 Ngxe5 8.
Nxe5 Nxe5 9. Be2 d6 10. O-O Bxd2 11. Qxd2 O-O 12. Qd5 Be6 13. Qxb7 Rfb8 14. Qe4
f5 15. Qd4 Nc6 16. Qc3 g5 17. Bg3 Qg7 18. Qxg7+ Kxg7 19. Bf3 Bd7 20. c5 Rxb2 21.
cxd6 cxd6 22. Rad1 g4 23. Rxd6 gxf3 24. Rxd7+ Kg8 25. gxf3 Rxa2 26. Rb1 Rd8 27.
Rxd8+ Nxd8 28. Rb8 Rd2 29. Bc7 1-0

[Event "AUTO-MASTER-1749"]
[Site "http://www.queenalice.com/game.php?id=1161539"]
[Date "2013.3.16"]
[Round "2"]
[White "sergiogvh"]
[Black "chess666"]
[Result "0-1"]
[WhiteElo "2373"]
[BlackElo "2513"]

1. e4 e6 2. d4 d5 3. Nc3 Nf6 4. Bg5 Bb4 5. e5 h6 6. Bd2 Bxc3 7. bxc3 Ne4 8. Qg4
g6 9. Bd3 Nxd2 10. Kxd2 c5 11. Nf3 Bd7 12. h4 Bc6 13. Bxg6 fxg6 14. Qxe6+ Qe7
15. Qxg6+ Kd8 16. e6 Be8 17. Qf5 Nc6 18. Qxd5+ Kc7 19. Qe4 Rd8 20. d5 Qf6 21. c4
Rg8 22. Rag1 b5 23. cxb5 Nb4 24. c4 Qb2+ 25. Kd1 Kc8 26. e7 Rxd5+ 27. cxd5 Bxb5
28. Ng5 Ba4+ 29. Ke1 Qc3+ 30. Kf1 Bb5+ 0-1

[Event "AUTO-OPEN-2807"]
[Site "http://www.queenalice.com/game.php?id=1162037"]
[Date "2013.3.17"]
[Round "3"]
[White "chess666"]
[Black "axgruben"]
[Result "0-1"]
[WhiteElo "2504"]
[BlackElo "2356"]

1. d4 Nf6 2. c4 g6 3. Nc3 Bg7 4. e4 d6 5. f3 O-O 6. Be3 c5 7. Nge2 Nc6 8. d5 Ne5
9. Ng3 e6 10. Be2 a6 11. O-O exd5 12. cxd5 b5 13. Qd2 Re8 14. Nd1 h5 15. Rc1 Nh7
16. Nh1 f5 17. exf5 Bxf5 18. Ng3 Bd7 19. Ne4 Nf7 20. Bd3 Nf6 21. Bb1 Nxe4 22.
Bxe4 Qf6 23. Re1 a5 24. Re2 a4 25. Nf2 b4 26. Nd3 Rab8 27. b3 axb3 28. axb3 Bf5
29. Nf2 Ra8 30. Bxf5 gxf5 31. f4 Ra1 32. Nd1 h4 33. Rxa1 Qxa1 34. Kf1 Re4 0-1

[Event "AUTO-OPEN-2807"]
[Site "http://www.queenalice.com/game.php?id=1162038"]
[Date "2013.3.17"]
[Round "3"]
[White "axgruben"]
[Black "chess666"]
[Result "1/2-1/2"]
[WhiteElo "2380"]
[BlackElo "2502"]

1. e4 e6 2. d4 d5 3. Nd2 Nf6 4. e5 Nfd7 5. c3 c5 6. Bd3 Nc6 7. Ne2 cxd4 8. cxd4
f6 9. Nf4 Nxd4 10. Qh5+ Ke7 11. exf6+ Nxf6 12. Ng6+ hxg6 13. Qxh8 Kf7 14. O-O e5
15. Nb3 Nxb3 16. axb3 Be6 17. Bg5 e4 18. Be2 Qb6 19. Bxf6 Kxf6 20. Qh4+ g5 21.
Qh5 Bc5 22. Kh1 g6 23. Qh7 Bd6 24. f3 e3 25. h4 gxh4 26. Bd3 Rg8 27. f4 Bf7 28.
Qh6 Ke7 29. Qxh4+ Kd7 30. Qh7 Rf8 31. Bxg6 e2 32. Bxf7 exf1=Q+ 33. Rxf1 Kc8 34.
Bxd5 Bxf4 35. g4 Qh6+ 36. Qxh6 Bxh6 37. Ra1 Rf4 38. Kh2 Rd4 39. Be6+ Kc7 40.
Rxa7 Re4 41. Rxb7+ Kc6 42. Bc8 1/2-1/2

[Event "AUTO-ELITE-1068"]
[Site "http://www.queenalice.com/game.php?id=1172539"]
[Date "2013.4.17"]
[Round "2"]
[White "chess666"]
[Black "boydelta"]
[Result "0-1"]
[WhiteElo "2508"]
[BlackElo "2362"]

1. d4 Nf6 2. c4 c5 3. d5 d6 4. Nc3 Bf5 5. f3 g6 6. e4 Bc8 7. f4 Bg7 8. Nf3 O-O
9. Be2 Bg4 10. O-O Nh5 11. h3 Bd7 12. Bd3 Na6 13. g4 Nf6 14. e5 Ne8 15. Qe2 Rb8
16. e6 fxe6 17. dxe6 Bc6 18. f5 Nb4 19. fxg6 Nxd3 20. gxh7+ Kh8 21. Qxd3 Bxf3
22. Rxf3 Nc7 23. Bd2 Rxf3 0-1

[Event "AUTO-ELITE-1068"]
[Site "http://www.queenalice.com/game.php?id=1172540"]
[Date "2013.4.17"]
[Round "2"]
[White "boydelta"]
[Black "chess666"]
[Result "0-1"]
[WhiteElo "2366"]
[BlackElo "2508"]

1. e4 e6 2. d4 d5 3. Nc3 Nf6 4. Bg5 Bb4 5. e5 h6 6. exf6 hxg5 7. fxg7 Rg8 8. h4
gxh4 9. Qh5 Qf6 10. Qxh4 Qxg7 0-1

[Event "AUTO-ELITE-1074"]
[Site "http://www.queenalice.com/game.php?id=1172776"]
[Date "2013.4.18"]
[Round "2"]
[White "chess666"]
[Black "Alsina"]
[Result "0-1"]
[WhiteElo "2371"]
[BlackElo "2536"]

1. d4 Nf6 2. c4 e6 3. Nc3 d5 4. cxd5 exd5 5. Bg5 Be7 6. e3 Nbd7 7. Bd3 c6 8. Qc2
Nh5 9. Bxe7 Qxe7 10. Nge2 g6 11. O-O O-O 12. Rae1 Ndf6 13. Nc1 b6 14. f3 Rd8 15.
Qf2 Bb7 16. e4 dxe4 17. fxe4 c5 18. d5 Ng4 19. Qe2 Ne5 20. b3 a6 21. Bc2 Nf6 22.
Nd3 Rd6 23. Nb1 Nfd7 24. Nxe5 Nxe5 25. Nd2 f6 26. Nc4 Nxc4 0-1

[Event "AUTO-ELITE-1074"]
[Site "http://www.queenalice.com/game.php?id=1172777"]
[Date "2013.4.18"]
[Round "2"]
[White "Alsina"]
[Black "chess666"]
[Result "1/2-1/2"]
[WhiteElo "2534"]
[BlackElo "2527"]

1. c4 e6 2. Nf3 d5 3. d4 c6 4. Nc3 dxc4 5. a4 Bb4 6. e3 b5 7. Bd2 a5 8. axb5
Bxc3 9. Bxc3 cxb5 10. b3 Bb7 11. bxc4 b4 12. Bb2 Nf6 13. Bd3 Nbd7 14. O-O O-O
15. Re1 Ne4 16. Nd2 Nxd2 17. Qxd2 Qc7 18. c5 f5 19. f3 Nf6 20. Bc4 Bd5 21. Bb5
Bc6 1/2-1/2

[Event "AUTO-ELITE-1071"]
[Site "http://www.queenalice.com/game.php?id=1175837"]
[Date "2013.4.27"]
[Round "2"]
[White "pumamercedino"]
[Black "chess666"]
[Result "1-0"]
[WhiteElo "2377"]
[BlackElo "2486"]

1. e4 e6 2. d4 d5 3. e5 c5 4. c3 Nc6 5. Nf3 Bd7 6. Be2 Nge7 7. Na3 cxd4 8. cxd4
Nf5 9. Nc2 Qb6 10. O-O Rc8 11. Bd3 Nb4 12. Nxb4 Bxb4 13. Kh1 1-0

[Event "AUTO-ELITE-1071"]
[Site "http://www.queenalice.com/game.php?id=1175838"]
[Date "2013.4.27"]
[Round "2"]
[White "chess666"]
[Black "pumamercedino"]
[Result "0-1"]
[WhiteElo "2497"]
[BlackElo "2361"]

1. d4 Nf6 2. c4 g6 3. Nc3 Bg7 4. e4 d6 5. f3 O-O 6. Be3 a6 7. Qd2 Nc6 8. Nge2
Rb8 9. Rc1 Bd7 10. Nd1 b5 11. c5 e6 12. Nf2 Ne8 13. g3 f5 14. Bg2 Qe7 0-1

[Event "AUTO-MASTER-1747"]
[Site "http://www.queenalice.com/game.php?id=1177621"]
[Date "2013.5.2"]
[Round "2"]
[White "crono"]
[Black "chess666"]
[Result "1-0"]
[WhiteElo "2187"]
[BlackElo "2348"]

1. d4 e6 2. c4 d5 3. Nc3 c6 4. e3 Nf6 5. Nf3 Nbd7 6. Bd3 dxc4 7. Bxc4 b5 8. Bd3
Bb7 9. O-O a6 10. b3 c5 11. Bb2 Be7 12. Qe2 O-O 13. Rfd1 Qb6 14. Rac1 Rac8 15.
Bb1 cxd4 16. exd4 Rfd8 17. Ne5 g6 18. Nxd7 1-0

[Event "AUTO-MASTER-1747"]
[Site "http://www.queenalice.com/game.php?id=1177622"]
[Date "2013.5.2"]
[Round "2"]
[White "chess666"]
[Black "crono"]
[Result "0-1"]
[WhiteElo "2348"]
[BlackElo "2187"]

1. d4 Nf6 2. c4 g6 3. Nc3 Bg7 4. e4 d6 5. f3 O-O 6. Be3 Nc6 7. Nge2 a5 8. Qd2 a4
9. g4 a3 10. b3 Re8 11. O-O-O Nd7 12. h4 e5 13. d5 Nd4 14. Nxd4 exd4 15. Bxd4
Ne5 16. g5 Nxf3 0-1

[Event "AUTO-MASTER-1747"]
[Site "http://www.queenalice.com/game.php?id=1177625"]
[Date "2013.5.2"]
[Round "2"]
[White "capaputi"]
[Black "chess666"]
[Result "0-1"]
[WhiteElo "2223"]
[BlackElo "2527"]

1. e4 e6 2. Nc3 d5 3. Nf3 Nf6 4. exd5 exd5 5. d4 Bd6 6. Bb5+ c6 7. Bd3 O-O 8.
O-O Bg4 9. Bg5 Nbd7 10. h3 Bh5 11. Be2 h6 12. Be3 Bg6 13. Bd3 Ne4 14. Nd2 f5 15.
f3 Ng3 16. Re1 f4 17. Bf2 Bxd3 18. cxd3 Rf7 19. Qb3 Nf8 20. Bxg3 fxg3 21. Nf1
Ng6 22. Re6 Nh4 23. Rae1 Qd7 24. Na4 Rxf3 25. gxf3 Nxf3+ 26. Kg2 Rf8 27. Nxg3
Bxg3 28. Kxg3 Qc7+ 29. R6e5 Qd6 30. h4 Qg6+ 31. Kh3 Nxe1 0-1

[Event "AUTO-MASTER-1747"]
[Site "http://www.queenalice.com/game.php?id=1177626"]
[Date "2013.5.2"]
[Round "2"]
[White "chess666"]
[Black "capaputi"]
[Result "0-1"]
[WhiteElo "2364"]
[BlackElo "2217"]

1. d4 Nf6 2. c4 e6 3. Nc3 Bb4 4. e3 O-O 5. Ne2 d5 6. a3 Bd6 7. Ng3 c6 8. Bd2
Nbd7 9. Qc2 Re8 10. Be2 e5 11. Nf5 Bf8 12. cxd5 cxd5 13. Nb5 Nb6 14. dxe5 Rxe5
15. Nfd4 a6 16. Qc7 Qxc7 17. Nxc7 Rb8 18. Rc1 Bd6 19. O-O Re7 20. Bb4 Bxb4 21.
axb4 Bd7 22. Rc5 Rd8 23. Rfc1 g6 24. Bf3 Bg4 25. Bxg4 Nxg4 26. Nxa6 Ne5 27. Rc7
Rxc7 28. Nxc7 Nd3 29. Ra1 Nxb4 30. Ra7 Rb8 31. Kf1 Nd3 32. b3 Kg7 0-1

[Event "AUTO-ELITE-1066"]
[Site "http://www.queenalice.com/game.php?id=1178059"]
[Date "2013.5.3"]
[Round "2"]
[White "chess666"]
[Black "Ghiceda"]
[Result "0-1"]
[WhiteElo "2465"]
[BlackElo "2331"]

1. d4 e6 2. e4 d5 3. Nc3 Nf6 4. e5 Ne4 5. Nxe4 dxe4 6. Bc4 a6 7. a4 b6 8. Ne2
Bb7 9. Nf4 Nc6 10. c3 g6 11. O-O Bg7 12. Ba2 Qd7 13. Qe2 Ne7 0-1

[Event "AUTO-ELITE-1066"]
[Site "http://www.queenalice.com/game.php?id=1178060"]
[Date "2013.5.3"]
[Round "2"]
[White "Ghiceda"]
[Black "chess666"]
[Result "1-0"]
[WhiteElo "2314"]
[BlackElo "2476"]

1. f4 d5 2. Nf3 g6 3. e3 Bg7 4. c4 d4 5. e4 Nf6 6. d3 c5 7. Be2 Nc6 8. O-O O-O
9. Na3 Nd7 10. Qe1 a6 11. Qh4 1-0